00485 a2200181 4500260001300000630004300013037001600056650002600072260002200098245009400120300001000214650002400224260000900248300001000257100000700267037001100274020001800285 aNew York a34 - Droit. Jurisprudence. Legislation b1, DON KEKE a3 - SCIENCES SOCIALES bEd. Nations Unies aReports of international arbitral awards : recueil des sentences arbitrales : volume XXII a416 p aDroit International c2001 b25 cm lFr a08/358 a92-1-033083-8